Déjanos hablar

Kaydedildi:
Detaylı Bibliyografya
Müşterek Yazar: Childhope
Materyal Türü: Metin
Baskı/Yayın Bilgisi: Guatemala: Childhope
Etiketler: Etiketle
Etiket eklenmemiş, İlk siz ekleyin!

MARC

LEADER 00000 a a2200000 04500
001 14331
003
040
090 |a 028000  
110 |a Childhope  
245 |a Déjanos hablar  
260 |a Guatemala:   |b Childhope  
300 |a 6 p.  
999 |c 15066  |d 15066